[Event "Chigorin Memorial 30th"]
[Site "St Petersburg"]
[Date "2023.10.29"]
[Round "9"]
[White "Kamilov, Dmitry"]
[Black "Satanovskaia, Evgeniia"]
[Result "1-0"]
[WhiteElo "2027"]
[BlackElo "1849"]
[PlyCount "65"]
[EventDate "2023.10.21"]
[EventType "swiss"]
[EventRounds "9"]
[EventCountry "RUS"]
[SourceTitle "Mega2024 Update 01"]
[Source "Chessbase"]
[SourceDate "2023.11.12"]
[SourceVersion "1"]
[SourceVersionDate "2023.11.12"]
[SourceQuality "1"]

1. e4 e5 2. Nf3 Nc6 3. Bb5 Nf6 4. 0-0 Nxe4 5. Re1 Nd6 6. Nxe5 Be7 7. Bf1 Nxe5 8. Rxe5 0-0 9. d4 Bf6 10. Re1 Re8 11. Rxe8+ Qxe8 12. Bf4 Qe6 13. Nc3 h6 14. Qd2 Ne4 15. Nxe4 Qxe4 16. Re1 Qd5 17. Re8+ Kh7 18. Be5 Bxe5 19. Bd3+ g6 20. dxe5 Kg7 21. Qf4 Qc6 22. Bb5 g5 23. Bxc6 gxf4 24. Bxd7 Bxd7 25. Rxa8 Kg6 26. Rxa7 Bc6 27. Ra5 Kf5 28. Rc5 Ke4 29. g3 f3 30. h4 Kd4 31. Rxc6 bxc6 32. e6 fxe6 33. g4 1-0

[Event "Chigorin Memorial 29th"]
[Site "St Petersburg"]
[Date "2022.10.25"]
[Round "4"]
[White "Kamilov, Dmitry"]
[Black "Khokhlova, Daria"]
[Result "1-0"]
[WhiteElo "1851"]
[BlackElo "2117"]
[PlyCount "65"]
[EventDate "2022.10.22"]
[EventType "swiss"]
[EventRounds "9"]
[EventCountry "RUS"]
[SourceTitle "EXT 2024"]
[Source "ChessBase"]
[SourceDate "2023.10.10"]
[SourceVersion "1"]
[SourceVersionDate "2023.10.10"]
[SourceQuality "1"]

1. e4 c5 2. Nf3 d6 3. d4 cxd4 4. Nxd4 Nf6 5. Nc3 a6 6. f3 e5 7. Nb3 Be6 8. Be3 Be7 9. Qd2 h5 10. Be2 Nbd7 11. Nd5 Nxd5 12. exd5 Bf5 13. 0-0 Bg6 14. Na5 Qc7 15. c4 0-0 16. b4 Bf6 17. Rac1 b6 18. Nc6 Rfc8 19. f4 exf4 20. Bxf4 Re8 21. Bd3 Bxd3 22. Qxd3 Ne5 23. Bxe5 Bxe5 24. Rce1 g6 25. Nxe5 dxe5 26. Rf6 a5 27. d6 Qd7 28. Qd5 axb4 29. Rxg6+ Kf8 30. Rf1 Rxa2 31. c5 Rc2 32. c6 Rxc6 33. Qd2 1-0

[Event "Cheliabinsk Panchenko Memorial op-A"]
[Site "Cheliabinsk"]
[Date "2020.09.15"]
[Round "9"]
[White "Kamilov, Dmitry"]
[Black "Pankov, Daniil"]
[Result "0-1"]
[WhiteElo "2082"]
[BlackElo "1880"]
[PlyCount "126"]
[EventDate "2020.09.07"]
[EventType "swiss"]
[EventRounds "9"]
[EventCountry "RUS"]
[SourceTitle "CBM 198 Extra"]
[Source "ChessBase"]
[SourceDate "2020.11.30"]
[SourceVersion "1"]
[SourceVersionDate "2020.11.30"]
[SourceQuality "1"]

1. e4 c6 2. d4 d5 3. Nd2 dxe4 4. Nxe4 Nf6 5. Nxf6+ exf6 6. c3 Bd6 7. Bd3 0-0 8. Ne2 Re8 9. Qc2 h6 10. Be3 Be6 11. b3 a5 12. 0-0 Qc7 13. h3 Nd7 14. Rfe1 Rad8 15. c4 Qb8 16. Nc3 Nf8 17. Rad1 Qc8 18. f4 Bb4 19. Kh2 Qb8 20. Re2 Bc8 21. g3 h5 22. Kg2 Kh8 23. c5 Bxc3 24. Qxc3 Be6 25. f5 Bd5+ 26. Kh2 h4 27. Bf4 hxg3+ 28. Kxg3 Qc8 29. Rde1 Rxe2 30. Rxe2 Re8 31. Qe1 Rxe2 32. Qxe2 Qd7 33. Bd6 Kg8 34. Qe7 Qxe7 35. Bxe7 a4 36. bxa4 Bxa2 37. a5 Nd7 38. Be4 Nb8 39. Kf4 Na6 40. d5 cxd5 41. Bd3 Nb4 42. Bb5 Bc4 43. Bxc4 dxc4 44. Bd6 c3 45. Ke4 g5 46. fxg6 fxg6 47. Kd4 c2 48. Bf4 Nc6+ 49. Kc3 Nxa5 50. Kxc2 Kf7 51. Kc3 Ke6 52. Kb4 Nc6+ 53. Kb5 Kd5 54. Bd6 Nd4+ 55. Kb6 Ne6 56. Be7 f5 57. Kxb7 Nxc5+ 58. Kc7 f4 59. Bh4 g5 60. Be1 Nd3 61. h4 Nxe1 62. h5 Ke6 63. h6 Kf7 0-1

[Event "Cheliabinsk Panchenko Memorial op-A"]
[Site "Cheliabinsk"]
[Date "2020.09.09"]
[Round "3"]
[White "Kamilov, Dmitry"]
[Black "Savitskiy, Sergey"]
[Result "0-1"]
[WhiteElo "2082"]
[BlackElo "2436"]
[PlyCount "50"]
[EventDate "2020.09.07"]
[EventType "swiss"]
[EventRounds "9"]
[EventCountry "RUS"]
[SourceTitle "CBM 198 Extra"]
[Source "ChessBase"]
[SourceDate "2020.11.30"]
[SourceVersion "1"]
[SourceVersionDate "2020.11.30"]
[SourceQuality "1"]

1. e4 c5 2. Nf3 d6 3. d4 cxd4 4. Nxd4 Nf6 5. Nc3 Nc6 6. Bc4 e6 7. Bb3 a6 8. Be3 Na5 9. Qe2 b5 10. 0-0-0 Nxb3+ 11. axb3 Qc7 12. Bg5 Be7 13. Kb1 b4 14. Na2 Bb7 15. Rhe1 0-0 16. f3 Rfc8 17. Bxf6 Bxf6 18. f4 Qc5 19. e5 dxe5 20. fxe5 Be7 21. Nc1 Rd8 22. Qc4 Qxc4 23. bxc4 Rac8 24. Nf3 Rxc4 25. Rxd8+ Bxd8 0-1

[Event "EU-ch U12"]
[Site "Bratislava"]
[Date "2019.08.07"]
[Round "6"]
[White "Kamilov, Dmitry"]
[Black "Ristic, Luka"]
[Result "1/2-1/2"]
[WhiteElo "1990"]
[BlackElo "2102"]
[PlyCount "110"]
[EventDate "2019.08.02"]
[EventType "swiss"]
[EventRounds "9"]
[EventCountry "SVK"]
[SourceTitle "EXT 2020"]
[Source "ChessBase"]
[SourceDate "2019.10.17"]
[SourceVersion "1"]
[SourceVersionDate "2019.10.17"]
[SourceQuality "1"]

1. e4 g6 2. d4 Bg7 3. Nc3 c6 4. Nf3 d5 5. h3 dxe4 6. Nxe4 Nf6 7. Nxf6+ exf6 8. Bc4 0-0 9. 0-0 a5 10. Bf4 Na6 11. c3 Nc7 12. Re1 Nd5 13. Bg3 a4 14. Qd2 Be6 15. Nh2 b5 16. Be2 Qa5 17. Bd6 Rfd8 18. Bc5 h5 19. Nf1 Re8 20. Bf3 f5 21. Ne3 Bh6 22. Qc2 Nxe3 23. fxe3 Qc7 24. e4 fxe4 25. Bxe4 f5 26. Bf3 Bf4 27. Re2 Bc4 28. Rxe8+ Rxe8 29. b3 Be3+ 30. Kh1 Qg3 31. Bd6 Qxd6 32. bxc4 Bg5 33. Qf2 bxc4 34. Re1 Rxe1+ 35. Qxe1 Kf8 36. Qe2 Qg3 37. Bxc6 Qxc3 38. Qe8+ Kg7 39. Bd5 Qxd4 40. Qg8+ Kh6 41. Qf8+ Qg7 42. Qxg7+ Kxg7 43. Bxc4 a3 44. g4 fxg4 45. hxg4 h4 46. Kg2 Kf6 47. Bd3 Bf4 48. Kh3 g5 49. Bc4 Ke5 50. Bg8 Kd4 51. Bb3 Kc3 52. Bd5 Bd6 53. Bb3 Bc7 54. Bd5 Bd6 55. Bb3 Bf8 1/2-1/2

[Event "EU-ch U12"]
[Site "Bratislava"]
[Date "2019.08.06"]
[Round "5"]
[White "Maurizzi, Marc Andria"]
[Black "Kamilov, Dmitry"]
[Result "1-0"]
[WhiteElo "2419"]
[BlackElo "1990"]
[PlyCount "93"]
[EventDate "2019.08.02"]
[EventType "swiss"]
[EventRounds "9"]
[EventCountry "SVK"]
[SourceTitle "EXT 2020"]
[Source "ChessBase"]
[SourceDate "2019.10.17"]
[SourceVersion "1"]
[SourceVersionDate "2019.10.17"]
[SourceQuality "1"]

1. d4 Nf6 2. Nf3 g6 3. Nbd2 d5 4. e3 Bg7 5. b4 0-0 6. Be2 Re8 7. 0-0 Nfd7 8. Bb2 e5 9. c4 e4 10. Ne1 c6 11. cxd5 cxd5 12. b5 Nf6 13. Nb3 Nbd7 14. a4 a5 15. bxa6 b6 16. Nc2 Bxa6 17. Bxa6 Rxa6 18. Nb4 Ra8 19. Qe2 Qe7 20. Qb5 Qd6 21. h3 Rec8 22. Rfc1 g5 23. Nc6 Bf8 24. Ne5 Qe6 25. Rxc8 Rxc8 26. Rc1 Rxc1+ 27. Nxc1 g4 28. Ne2 Bh6 29. h4 g3 30. Nxg3 Nxe5 31. dxe5 Ng4 32. Bd4 Nxe5 33. Bxe5 Qxe5 34. Qxb6 Bf8 35. a5 Qd6 36. Qb7 Qa3 37. Qxd5 Bb4 38. Qd8+ Bf8 39. Qg5+ Kh8 40. Qe5+ Kg8 41. Nxe4 Qa4 42. Nf6+ Kh8 43. Nd7+ Kg8 44. Qg5+ Kh8 45. Nxf8 Qd1+ 46. Kh2 Qd6+ 47. Qf4 1-0

[Event "EU-ch U12"]
[Site "Bratislava"]
[Date "2019.08.05"]
[Round "4"]
[White "Kamilov, Dmitry"]
[Black "Macias Pino, Diego"]
[Result "1-0"]
[WhiteElo "1990"]
[BlackElo "2126"]
[PlyCount "113"]
[EventDate "2019.08.02"]
[EventType "swiss"]
[EventRounds "9"]
[EventCountry "SVK"]
[SourceTitle "EXT 2020"]
[Source "ChessBase"]
[SourceDate "2019.10.17"]
[SourceVersion "1"]
[SourceVersionDate "2019.10.17"]
[SourceQuality "1"]

1. e4 c6 2. d4 d5 3. Nd2 dxe4 4. Nxe4 Bf5 5. Ng3 Bg6 6. N1e2 Nd7 7. h4 h6 8. Nf4 Bh7 9. Bc4 Ngf6 10. c3 Nb6 11. Bb3 e6 12. Nfh5 Nbd5 13. Qf3 Nxh5 14. Nxh5 Bg6 15. Bd2 Rg8 16. 0-0-0 Be7 17. Nf4 Nxf4 18. Bxf4 Qa5 19. Rhe1 Qf5 20. Re5 Qb1+ 21. Kd2 Qxb2+ 22. Ke1 Bc2 23. Bxc2 Qxc2 24. Re2 Qf5 25. Re5 Qf6 26. h5 Bd6 27. Re4 0-0-0 28. a4 g5 29. hxg6 Qxg6 30. g3 Rge8 31. a5 a6 32. Kf1 Re7 33. Kg2 Bxf4 34. Rxf4 Rd5 35. Rf6 Qg7 36. c4 Rxa5 37. d5 cxd5 38. cxd5 Rxd5 39. Rc1+ Kb8 40. Qf4+ Ka7 41. Qe3+ b6 42. Qf4 Rdd7 43. Rc8 Rb7 44. Rxh6 e5 45. Qe3 Rb8 46. Rxb8 Kxb8 47. Qxb6+ Rb7 48. Qd6+ Ka7 49. Qc5+ Kb8 50. Rc6 Qg4 51. Qd6+ Ka8 52. Rxa6+ Ra7 53. Qc6+ Kb8 54. Qb6+ Kc8 55. Rxa7 Qe4+ 56. Kg1 Qb1+ 57. Qxb1 1-0

[Event "EU-ch U12"]
[Site "Bratislava"]
[Date "2019.08.04"]
[Round "3"]
[White "Bialiauski, Artsiom"]
[Black "Kamilov, Dmitry"]
[Result "0-1"]
[WhiteElo "1844"]
[BlackElo "1990"]
[PlyCount "110"]
[EventDate "2019.08.02"]
[EventType "swiss"]
[EventRounds "9"]
[EventCountry "SVK"]
[SourceTitle "EXT 2020"]
[Source "ChessBase"]
[SourceDate "2019.10.17"]
[SourceVersion "1"]
[SourceVersionDate "2019.10.17"]
[SourceQuality "1"]

1. d4 Nf6 2. Nf3 g6 3. c4 d6 4. Nc3 Bf5 5. Bf4 Bg7 6. e3 Nh5 7. Bg3 Nxg3 8. hxg3 0-0 9. Be2 Nc6 10. 0-0 e5 11. d5 Ne7 12. Nd2 Bd7 13. b4 f5 14. c5 f4 15. Nc4 fxg3 16. fxg3 Nf5 17. Ne4 b5 18. cxb6 axb6 19. Qb3 h5 20. Rf3 h4 21. Raf1 hxg3 22. Nxg3 Nxg3 23. Rxg3 Qh4 24. e4 Qxe4 25. Re3 Rxf1+ 26. Kxf1 Qxd5 27. Qc2 Bf5 28. Nxb6 Bxc2 29. Nxd5 Rxa2 30. Nxc7 Ra1+ 31. Kf2 e4 32. Bc4+ Kh7 33. Rh3+ Bh6 34. Ne6 e3+ 35. Rxe3 Bxe3+ 36. Kxe3 Ra4 37. Kd2 Rxb4 38. Kc3 Ra4 39. Bd5 Bf5 40. Nd4 Kg7 41. Bf3 Kf6 42. Bc6 Ra1 43. Bf3 Rb1 44. Kc4 Be6+ 45. Kc3 Ra1 46. Kb2 Ra4 47. Kc3 Ra5 48. Kd3 Bd5 49. Bxd5 Rxd5 50. Ke4 Rxd4+ 51. Kxd4 Ke6 52. Ke4 g5 53. Kd4 d5 54. Kd3 Ke5 55. Ke3 g4 0-1

[Event "EU-ch U12"]
[Site "Bratislava"]
[Date "2019.08.03"]
[Round "2"]
[White "Kamilov, Dmitry"]
[Black "Janous, Marek"]
[Result "1/2-1/2"]
[WhiteElo "1990"]
[BlackElo "1787"]
[PlyCount "113"]
[EventDate "2019.08.02"]
[EventType "swiss"]
[EventRounds "9"]
[EventCountry "SVK"]
[SourceTitle "EXT 2020"]
[Source "ChessBase"]
[SourceDate "2019.10.17"]
[SourceVersion "1"]
[SourceVersionDate "2019.10.17"]
[SourceQuality "1"]

1. e4 c5 2. Nf3 d6 3. d4 cxd4 4. Nxd4 Nf6 5. Nc3 a6 6. Bc4 Qc7 7. Bb3 e5 8. Nf5 Bxf5 9. exf5 Be7 10. Be3 Nbd7 11. Qf3 Rc8 12. g4 Qc6 13. Nd5 e4 14. Nxe7 Kxe7 15. Qe2 Ne5 16. 0-0-0 Nexg4 17. Bg5 h6 18. Qxg4 hxg5 19. Qxg5 Rh3 20. c3 Kf8 21. Rhg1 Rh7 22. Rd4 b5 23. Rgd1 Rd8 24. Bd5 Qc5 25. Bxe4 Rh5 26. Qf4 Nxe4 27. Qxe4 Re8 28. Qd3 Qxf5 29. Rxd6 Qxd3 30. R1xd3 Rxh2 31. Rxa6 Rxf2 32. Rb6 Re1+ 33. Rd1 Rxd1+ 34. Kxd1 Rxb2 35. a4 Rb3 36. a5 Rxc3 37. Kd2 Ra3 38. Rxb5 f6 39. Kc2 Kf7 40. Kb2 Rh3 41. a6 Rh8 42. a7 Ra8 43. Rb7+ Kg6 44. Kc3 f5 45. Kd4 Kf6 46. Kd5 g6 47. Kd4 Kg5 48. Ke3 Kg4 49. Kf2 g5 50. Rb4+ Kh3 51. Rb3+ Kh4 52. Ra3 g4 53. Ra1 f4 54. Rh1+ Kg5 55. Ra1 Kh5 56. Ra4 Kg5 57. Ra1 1/2-1/2

[Event "RUS Cup U11 final"]
[Site "Bryansk"]
[Date "2019.01.10"]
[Round "7"]
[White "Petrov, Alexander3333"]
[Black "Kamilov, Dmitry"]
[Result "1/2-1/2"]
[WhiteElo "1540"]
[BlackElo "1920"]
[PlyCount "66"]
[EventDate "2019.01.04"]
[EventType "swiss"]
[EventRounds "7"]
[EventCountry "RUS"]
[SourceTitle "EXT 2021"]
[Source "ChessBase"]
[SourceDate "2020.10.23"]
[SourceVersion "1"]
[SourceVersionDate "2020.10.23"]
[SourceQuality "1"]

1. d4 Nf6 2. c4 d6 3. Nc3 e5 4. Nf3 Nbd7 5. e4 g6 6. Be2 Bg7 7. 0-0 0-0 8. Be3 exd4 9. Nxd4 Nc5 10. f3 a5 11. Qd2 Re8 12. Rfd1 Qe7 13. Bf2 Ne6 14. Nd5 Nxd5 15. cxd5 Nc5 16. Bb5 Bd7 17. Bxd7 Qxd7 18. Rac1 Red8 19. Bh4 Rdc8 20. Bf2 Rd8 21. Bh4 Rdc8 22. Bf2 Bf6 23. b3 Rd8 24. Ne2 Qb5 25. Nd4 Qd7 26. Ne2 Qb5 27. Nd4 Qd7 28. Ne2 Qb5 29. Nd4 Qd7 30. Ne2 Qb5 31. Nd4 Qd7 32. Ne2 Qb5 33. Nd4 Qd7 1/2-1/2

[Event "RUS Cup U11 final"]
[Site "Bryansk"]
[Date "2019.01.09"]
[Round "6"]
[White "Kamilov, Dmitry"]
[Black "Akhmedov, David"]
[Result "1-0"]
[WhiteElo "1920"]
[BlackElo "1665"]
[PlyCount "103"]
[EventDate "2019.01.04"]
[EventType "swiss"]
[EventRounds "7"]
[EventCountry "RUS"]
[SourceTitle "EXT 2021"]
[Source "ChessBase"]
[SourceDate "2020.10.23"]
[SourceVersion "1"]
[SourceVersionDate "2020.10.23"]
[SourceQuality "1"]

1. e4 g6 2. d4 Bg7 3. Nc3 d6 4. Bc4 Nf6 5. Bf4 0-0 6. Qd2 c6 7. f3 b5 8. Bd3 Nbd7 9. 0-0-0 Qa5 10. Kb1 Nb6 11. Nd5 Qa6 12. Nxe7+ Kh8 13. Nxc6 Nc4 14. Bxc4 Qxc6 15. Bd3 a5 16. Bh6 Bxh6 17. Qxh6 Ba6 18. Qd2 Rfc8 19. Ne2 b4 20. Rc1 Rcb8 21. d5 Qb6 22. Bxa6 Qxa6 23. Qd3 Qb7 24. Qd4 Kg7 25. g4 Qb5 26. Nf4 Qb6 27. Qxb6 Rxb6 28. c3 Rab8 29. Nd3 bxc3 30. Rxc3 Nd7 31. b3 a4 32. Kb2 Kf6 33. h4 h6 34. b4 Ne5 35. a3 Nxd3+ 36. Rxd3 Ke5 37. h5 g5 38. Rc1 R6b7 39. Rc6 Ra8 40. Kc2 f6 41. Rdc3 Raa7 42. Kd2 Ra8 43. Ke3 Raa7 44. Rc8 Re7 45. Rh8 Rab7 46. Rcc8 Ra7 47. Rhe8 Rac7 48. Rxe7+ Rxe7 49. Rf8 Re6 50. b5 Re7 51. b6 Re6 52. b7 1-0